00626cam a2200193 a 450000100100000000500170001000800410002704000180006808200190008610000260010524501030013126000670023430000210030149000180032258600260034065000230036665000250038983000180041400000745320200929154157.0920825s1991 cu 001 e spa  aDO-SdBNPcDLC aA864.44bS319m1 aScheines, Graciela I.14aLas metáforas del fracaso :bSudamérica, ¿geografía del desencuentro? /cGraciela Scheines. aCiudad de La Habana, (Cuba) :bCasa de las Américas,cc1991. a192 p. ;c19 cm.1 aMedio milenio aPremio extraordinario 4aEnsayos argentinos 4aLiteratura argentina 0aMedio milenio